Anuario Estadístico de Espaňa 1993
Saved in:
| Format: | Book |
|---|---|
| Language: | Spanish |
| Published: |
Madrid
Instituto nacional de estadistica
1994
|
| Subjects: | |
| Tags: |
No Tags, Be the first to tag this record!
|
MARC
| LEADER | 00000nam a2200000 4500 | ||
|---|---|---|---|
| 001 | c005441 | ||
| 005 | 20251216070509.4 | ||
| 020 | |a 84-260-2869-3 | ||
| 041 | 0 | |a spa | |
| 044 | |a ES | ||
| 245 | 1 | 0 | |a Anuario Estadístico de Espaňa 1993 |
| 264 | 1 | |a Madrid |b Instituto nacional de estadistica |c 1994 | |
| 300 | |a 902 s. | ||
| 610 | 2 | 0 | |a Španielsko |